000 01422nam a22002777a 4500
005 20170411142034.0
008 140714b xxu||||| |||| 00| 0 Urdu d
010 _aUR-126 B-548018-021 B-665902
020 _a9789350731765
_c180.00
035 _aU-126 B-548018-021 B-665902
037 _bBPPD/Pub/Ven
037 _bPansy Books (Vend.)/Edu.pub. House(Pub.)
040 _aDPL
_bUrdu
082 _a808.883
100 _aا بو الحسن نغمی
245 _aسعا دت حسن منٹو:ذ ا تی يا د ا شتو ن پر مبنی ا و ر ا ق
_cا بو الحسن نغمی
246 _aSa'Dat Hasan Manto(Memories based on personal notes)
_bAbul Hasan Naghmi
260 _aد ھلی
_bا يجو کيشنل پبليشنگ ہا ؤس
_c2013
260 _bPansy Books(Vender)
270 _a3108،و کيل اسٹر يٹ ،کو چہ پنڈ ت ،لال کنو ا ن
_bد ھلی
_e110006
_k23216162،23214465
270 _aR2,/66/A Somesh Vihar,Chhawala
_bNew Delhi
_e110071
_k01125317355
300 _a144ص
_c22Cm (Hb)
942 _2ddc
_cUR
_e
_h808.883
_mم ن ٹ
999 _c87370
_d87370